| 000 | 00391nam a22001457a 4500 | ||
|---|---|---|---|
| 003 | OSt | ||
| 005 | 20251208125042.0 | ||
| 008 | 251208b |||||||| |||| 00| 0 eng d | ||
| 040 | _cLEAGUE OF WOMEN VOTERS | ||
| 050 |
_aJK 528 .L43 1968 _b.L43 1968 |
||
| 245 | _aCHOOSING THE PRESIDENT/ | ||
| 250 | _a1ST EDITION | ||
| 260 |
_aUNITED STATES: _bLEAGUE OF WOMEN VOTERS, _c1968 |
||
| 942 |
_2lcc _cBK _n0 |
||
| 999 |
_c9894 _d9894 |
||